000 00941nam a22001937a 4500
003 BR-ViAPE
005 20260505133939.0
008 260423s1937 por gs||||s000 0 por d
040 _cBR-ViAPE
110 _aEspírito Santo
_bEstado
245 _aMensagem apresentada á Assembleia Legislativa do Espírito Santo, na 3ª sessão ordinaria da 14ª legislatura, em 1º de julho de 1937, pelo governador do Estado, Capitão João Punaro Bley
260 _aVitória
_bImprensa Oficial
_c1937
300 _a208 p.
_bDocumento digitalizado (PDF)
500 _aDocumento digitalizado do acervo institucional do Arquivo Público do Estado do Espírito Santo - APEES.
650 _aAdministração pública
_zEspírito Santo
651 _aEspírito Santo
_xAdministração pública
856 _uhttps://ape.es.gov.br/Media/ape/PDF/Mensagens/Mensagem-2024/Mensagem%20-%20ano%201937.pdf
_yCLIQUE AQUI PARA ACESSAR O DOCUMENTO
942 _2ddc
_cMSGREL
_n1
999 _c572
_d572